| 000 | 00581nam a2200193 i 4500 | ||
|---|---|---|---|
| 001 | 59288 | ||
| 003 | ES-MaACL | ||
| 005 | 20230906164014.0 | ||
| 007 | t| | ||
| 008 | 031028s1964 sp ||||1| cat d | ||
| 100 | 1 |
_aElies i Busqueta, Pere. _946990 |
|
| 245 | 1 | 3 |
_aLa riuada _b: (un poema de poemes) / _cPere Elies y Busqueta. |
| 260 |
_aBarcelona : _bRafael Dalmau, _c1964. |
||
| 300 |
_a75 p. ; _c19 cm. |
||
| 490 | 1 | _aCollecció "La nau dels somnis" | |
| 830 | 0 |
_aCollecció "La nau dels somnis" _9230086 |
|
| 852 |
_aES-MaACL _jC-26092 _bR.54773 |
||
| 999 |
_c59288 _d59288 |
||